000 00532 a2200205 4500
005 20260214105213.0
008 260213b |||||||| |||| 00| 0 eng d
020 _a9789394384521
_cRs. 1699.00
040 _aMAIN
082 _a623.746
_bJ173M
100 _aJadhav, Samita
245 _aMulti vision radar system
260 _bSaddle Publishers
_c2022
_aDelhi
300 _aviii, 248
650 _aMilitary Engineering
650 _aMilitary Electronics
650 _aWeapon System
650 _aRadar System
942 _cBK
999 _c395463
_d395463